<?xml version="1.0" encoding="UTF-8"?>
<record
    xmlns:xsi="http://www.w3.org/2001/XMLSchema-instance"
    xsi:schemaLocation="http://www.loc.gov/MARC21/slim http://www.loc.gov/standards/marcxml/schema/MARC21slim.xsd"
    xmlns="http://www.loc.gov/MARC21/slim">

  <leader>00534    a2200157   4500</leader>
  <controlfield tag="001">ART_46031</controlfield>
  <controlfield tag="005">20260410161731.0</controlfield>
  <controlfield tag="008">260409a                                 </controlfield>
  <datafield tag="245" ind1="1" ind2="0">
    <subfield code="a">Processo de tomada de decisao instant&#xE1;nea e o papel da intio&#xE7;ao</subfield>
  </datafield>
  <datafield tag="100" ind1="1" ind2=" ">
    <subfield code="a">Freitas, Henrique M. R. de</subfield>
  </datafield>
  <datafield tag="700" ind1="1" ind2=" ">
    <subfield code="a">Kuhn Andriotti, Fernando</subfield>
  </datafield>
  <datafield tag="700" ind1="1" ind2=" ">
    <subfield code="a">Martens, Cristina Dai Pr&#xE1;</subfield>
  </datafield>
  <datafield tag="700" ind1="1" ind2=" ">
    <subfield code="a">Behr, Ariel</subfield>
  </datafield>
  <datafield tag="700" ind1="1" ind2=" ">
    <subfield code="a">Janissek-Mu&#xF1;iz, Raquel</subfield>
  </datafield>
  <datafield tag="773" ind1="0" ind2=" ">
    <subfield code="t">Escritos contables y de administraci&#xF3;n</subfield>
    <subfield code="g">- Vol. 4, N&#xBA;1 (ene./jun. 2013)</subfield>
    <subfield code="w">REV2758</subfield>
  </datafield>
  <datafield tag="999" ind1=" " ind2=" ">
    <subfield code="c">17840</subfield>
    <subfield code="d">17840</subfield>
  </datafield>
</record>
